000 00259nam a22001217a 4500
003 SGT
082 _a823
_bSED
100 _aSEDGWICK JULIAN
245 _aMYSTERIUM THE BLACK DRAGON
260 _aU.K
_bHACHETTE PUB
_c2013
300 _a340
942 _2ddc
_cBK
999 _c33509
_d33509